| 000 | 01223nam0a22002651 4500 | ||
|---|---|---|---|
| 001 | rc\1158362 | ||
| 005 | 20260407085059.0 | ||
| 035 | _a(NLR Aleph) 006403082 | ||
| 090 |
_a5266708 _c5266708 |
||
| 100 | _a20041129d1980 |||y0rusy50 ca | ||
| 101 | 0 | _arus | |
| 102 | _aRU | ||
| 105 | _aa ||||||||| | ||
| 200 | 1 |
_aПостроение системы рядов динамики и статистический анализ их взаимосвязи _eУчеб. пособие _f[Плошко Б.Г., Елисеева И.И., Кадибур Т.С., Курышева С.В.] |
|
| 210 |
_aЛ. _cЛФЭИ _d1980 |
||
| 215 |
_a84 с. _cграф. _d20 |
||
| 300 | _aАвт. указаны на обороте тит. л. | ||
| 300 | _aВ надзаг.: Ленингр. фин.-экон. ин-т им. Н.А. Вознесенского, Каф. статистики | ||
| 701 | 1 |
_aПлошко _bБ.Г. _gБорис Герасимович |
|
| 712 | 0 | 2 |
_aЛенинградский финансово-экономический институт им. Н. А. Вознесенского _9298684 _3RU\NLR\AUTH\8812879 |
| 801 | 0 |
_aRU _bNLR _gpsbo |
|
| 801 | 1 |
_aRU _bELAR _2rusmarc |
|
| 852 |
_aNLR _j81-4/7969 |
||
| 942 | _cBOOK | ||
| 980 | _aNB | ||